| 000 | 00000nam##2200000za#4500 |
| 001 | 9.611941 |
| 003 | CaOODSP |
| 005 | 20220111083418 |
| 007 | ta |
| 008 | 150406|1995||||xxc||||| f|0| 0 eng|d |
| 020 | |a0-662-23141-4 |
| 022 | |a1713-0638 |
| 040 | |aCaOODSP|beng |
| 043 | |an-cn--- |
| 086 | 1 |aNE22-1/1995-2E |
| 110 | 1 |aCanada. |bNational Energy Board. |
| 245 | 10|aTransCanada Pipelines Limited : |bapplication dated 29 June 1994, as amended 24 November 1994, for new tolls effective 1 January 1995 |
| 260 | |aCalgary - Alberta : |bNational Energy Board |cMarch, 1995. |
| 300 | |ax, 39p. : |breferences, tables ; |c28 cm. |
| 490 | 1 |aReasons for decision|x1713-0638 |
| 563 | |aSoftcover |
| 775 | 08|tTransCanada PipeLines Limited : |w(CaOODSP)9.623167 |
| 776 | 0#|tReasons for decision in the matter of TransCanada PipeLines Limited : |w(CaOODSP)9.572467 |
| 830 | #0|aReasons for decision (Canada. National Energy Board)|x1713-0638|w(CaOODSP)9.514808 |
| 986 | |aRH-3-94 |